Theodore Rex / (Record no. 127049)
[ view plain ]
| 000 -LEADER | |
|---|---|
| campo de control de longitud fija | 01914nam a22002537a 4500 |
| 003 - IDENTIFICADOR DE NÚMERO DE CONTROL | |
| campo de control | BJBSDDR |
| 005 - FECHA Y HORA DE LA ÚLTIMA TRANSACCIÓN | |
| campo de control | 20260511170149.0 |
| 006 - CÓDIGOS DE INFORMACIÓN DE LONGITUD FIJA--CARACTERÍSTICAS DEL MATERIAL ADICIONAL | |
| campo de control de longitud fija | a|||||r|||| 00| 0 |
| 007 - CAMPO FIJO DE DESCRIPCIÓN FÍSICA--INFORMACIÓN GENERAL | |
| campo de control de longitud fija | ta |
| 008 - DATOS DE LONGITUD FIJA--INFORMACIÓN GENERAL | |
| campo de control de longitud fija | 260511s20102001nyu|||||r|||| 00| 0 eng d |
| 020 ## - NÚMERO INTERNACIONAL ESTÁNDAR DEL LIBRO | |
| Número Internacional Estándar del Libro | 9780812966008 |
| 040 ## - FUENTE DE CATALOGACIÓN | |
| Lengua de catalogación | spa |
| Centro/agencia transcriptor | BJBSDDR |
| 041 ## - CÓDIGO DE IDIOMA | |
| Código de lengua del texto/banda sonora o título independiente | eng |
| 050 ## - SIGNATURA TOPOGRÁFICA DE LA BIBLIOTECA DEL CONGRESO | |
| Número de ítem | M875t 2010 |
| 100 1# - ENTRADA PRINCIPAL--NOMBRE DE PERSONA | |
| Nombre de persona | Morris, Edmund, |
| Fechas asociadas al nombre | 1940-2019 |
| 9 (RLIN) | 48392 |
| 245 10 - MENCIÓN DEL TÍTULO | |
| Título | Theodore Rex / |
| Resto del título | Edmund Morris. |
| 250 ## - MENCION DE EDICION | |
| Mención de edición | Paperback Edition |
| 260 ## - PUBLICACIÓN, DISTRIBUCIÓN, ETC. | |
| Lugar de publicación, distribución, etc. | New York : |
| Nombre del editor, distribuidor, etc. | Random House, |
| Fecha de publicación, distribución, etc. | 2010 |
| 300 ## - DESCRIPCIÓN FÍSICA | |
| Extensión | X, 772 páginas : |
| Otras características físicas | illustrations ; |
| Dimensiones | 21 cm |
| 505 ## - NOTA DE CONTENIDO CON FORMATO | |
| Nota de contenido con formato | Contenidos : Prologue<br/><br/><br/>14–16 September 1901<br/><br/><br/>Part One — The First Administration, 1901–1904<br/><br/><br/>The Shadow of the Crown<br/><br/><br/>The Most Damnable Outrage<br/><br/><br/>One Vast, Smoothly Running Machine<br/><br/><br/>A Message from the President<br/><br/><br/>Turn of a Rising Tide<br/><br/><br/>Two Pilots Aboard, and Rocks Ahead<br/><br/><br/>Genius, Force, Originality<br/><br/><br/>The Good Old Summertime<br/><br/><br/>No Power or Duty<br/><br/><br/>Many Budding Things<br/><br/><br/>Part Two — The Second Administration, 1905–1909<br/><br/><br/>The Best Herder of Emperors Since Napoleon<br/><br/><br/>Mere Force of Events<br/><br/><br/>The Treason of the Senate<br/><br/><br/>Blood Through Marble<br/><br/><br/>The Clouds That Are Gathering<br/><br/><br/>Such a Fleet and Such a Day<br/><br/><br/>Moral Overstrain<br/><br/><br/>The Residuary Legatee<br/><br/><br/>One Long Lovely Crackling Row<br/><br/><br/>Epilogue<br/><br/><br/>4 March 1909<br/><br/><br/>Back Matter<br/><br/><br/>Notes<br/><br/><br/>Bibliography<br/><br/><br/>Index<br/><br/><br/><br/> |
| 520 ## - RESUMEN, ETC. | |
| Sumario, etc. | The biography portrays Theodore Roosevelt as an energetic and transformative leader who modernized the American presidency. Morris emphasizes Roosevelt’s charisma, intellectual curiosity, and political skill while also examining his ambitions and controversies. The narrative explores how Roosevelt expanded federal authority, promoted conservation, confronted monopolies, and positioned the United States as a growing world power. |
| 942 ## - ELEMENTOS DE ENTRADA SECUNDARIOS (KOHA) | |
| Fuente del sistema de clasificación o colocación | Clasificación de Library of Congress |
| Suprimir en OPAC | No |
| Tipo de ítem Koha | Libro |
| 946 ## - PROCESAMIENTO DE INFORMACIÓN LOCAL (OCLC) | |
| Iniciales del agente catalogador | llh |
| Estatus retirado | Estado de pérdida | Fuente del sistema de clasificación o colocación | Estado de daño | No para préstamo | Colección | Biblioteca de origen | Biblioteca actual | Ubicación en estantería | Fecha de adquisición | Signatura topográfica completa | Código de barras | Visto por última vez | Copia número | Tipo de ítem Koha |
|---|---|---|---|---|---|---|---|---|---|---|---|---|---|---|
| Clasificación de Library of Congress | Automatización y Procesos Técnicos | Biblioteca Juan Bosch | Biblioteca Juan Bosch | Automatización y Procesos Técnicos (1er. Piso) | 11/05/2026 | M875t 2010 | 00000200080 | 11/05/2026 | 1 | Libro |
